| 000 | 00727nam a22001815i 4500 | ||
|---|---|---|---|
| 001 | 170566 | ||
| 003 | ES-MaACL | ||
| 005 | 20250701063200.0 | ||
| 008 | 090317s1922 fr |||| | fre d | ||
| 080 | _a821.133.1-2"19" | ||
| 100 | 1 |
_aBernstein, Henry, _d1876-1953 _928358 |
|
| 245 | 1 | 0 |
_aJudith _b: comedie dramatique en trois actes et cinq tableaux / _cHenry Bernstein. |
| 260 |
_a[Paris : _bL'Illustration, _c1922] |
||
| 300 |
_a34 p., [1] h. de lám. ; _c30 cm. |
||
| 500 | _aPublicado en: La Petite Illustration : revue hebdomaire, nº 124, 9 décembre 1922, Théatre, nouvelle série, nº 81. | ||
| 852 |
_aES-MaACL _j2278-F-10 _9R.141182 _z.- Biblioteca Jacinto Martínez Lacalle |
||
| 999 |
_c170566 _d170566 |
||